=LDR 00000nam 2200000 4500 =001 INLIS000000001052432 =005 20240829100915 =035 ##$$a 0010-0824000250 =007 ta =008 240829################b##########1###### =020 ##$$a 978-89-6509-646-7 =082 ##$$a 028.55 =084 ##$$a 028.55 YOO m =100 #$$a Yoon Seok-joong =245 1#$$a Maju ke depan /$c Yoon Seok-joong =260 ##$$a Tongkeun World :$b Gyeonggi-do =300 ##$$a 27 hlm : $b ilus ; $c 22,3 x 25,5 =650 #4$$a Bacaan kanak-kanak =990 ##$$a 18211821